Megatrends : Ten new directions transforming our lives
Wedi'i Gadw mewn:
| Prif Awdur: | |
|---|---|
| Fformat: | Llyfr |
| Iaith: | Undetermined |
| Cyhoeddwyd: |
New York
Warner Communications Company
1984
|
| Pynciau: | |
| Tagiau: |
Ychwanegu Tag
Dim Tagiau, Byddwch y cyntaf i dagio'r cofnod hwn!
|
| Thư viện lưu trữ: | Trung tâm Học liệu Trường Đại học Cần Thơ |
|---|
| LEADER | 00569nam a2200205Ia 4500 | ||
|---|---|---|---|
| 001 | CTU_86134 | ||
| 008 | 210402s9999 xx 000 0 und d | ||
| 082 | |a 306 | ||
| 082 | |b N158 | ||
| 100 | |a Naisbitt, John | ||
| 245 | 0 | |a Megatrends : | |
| 245 | 0 | |b Ten new directions transforming our lives | |
| 245 | 0 | |c John Naisbitt | |
| 260 | |a New York | ||
| 260 | |b Warner Communications Company | ||
| 260 | |c 1984 | ||
| 650 | |a Social indicators,Social prediction | ||
| 650 | |z United states | ||
| 904 | |i Năm | ||
| 980 | |a Trung tâm Học liệu Trường Đại học Cần Thơ | ||